00893nam a2200265 a 450000100060000000300080000600500170001400800410003102000150007203500190008704000260010604100080013208200260014010000280016624500640019426000440025830000270030250400190032965000470034865000460039570000290044194200120047099900170048295201280049967281BD-RjUL20211209081632.0170323s1987 enka 001 0 eng d a0471826367 a(BD-RjUL)67412 aBD-RjULbengcBD-RjUL aeng 223a005.265bRUB 19871 aRuder, Jesse H.919934810aBASIC for the IBM PC /cJesse H. Ruder, Jr, Cary V. Millsap aNew York :bJohn Wiley & Sons.,cc1987. a366 p :bill ;c24 cm. aIncludes index 0aIBM Personal ComputerxProgramming9199349 0aBASIC (Computer program language)91993501 aMillsap, Cary V.9199351 2ddccBK c67281d67281 00102ddc40718NFICaRUCLbRUCLcReadingd1989-10-28g0.00l0o005.265 RUB 1987r2017-03-23 00:00:00tC-1w2017-03-23yBK